Application of new environmental recycling technology
Aplikácia nových environmentálnych recyklačných technológií.
Salvato in:
| Autore principale: | |
|---|---|
| Altri autori: | , , |
| Natura: | Capitolo di libro |
| Lingua: | inglese |
| Soggetti: | |
| Tags: |
Nessun Tag, puoi essere il primo ad aggiungerne!!
|
MARC
| LEADER | 00000naa$a2200000$$$4500 | ||
|---|---|---|---|
| 001 | 0223901 | ||
| 005 | 20240502083556.8 | ||
| 041 | 0 | |a eng | |
| 044 | |a BG | ||
| 245 | 1 | 0 | |a Application of new environmental recycling technology |c Martin Bosák, Alexander Tarča, Milan Majerník, Monika Tomčíková |
| 520 | |a Aplikácia nových environmentálnych recyklačných technológií. | ||
| 610 | 2 | 0 | |a recyklácia odpadu |
| 610 | 2 | 0 | |a technológie nové |
| 610 | 2 | 0 | |a biomasa |
| 100 | 1 | |a Bosák, Martin, 1967- | |
| 700 | 1 | |a Tarča, Alexander | |
| 700 | 1 | |a Majerník, Milan, 1952- | |
| 700 | 1 | |a Tomčíková, Monika | |